000 00496nam a2200145 4500
999 _c6174
_d6174
008 170211b xxu||||| |||| 00| 0 eng d
082 _aDPer 910.5 T69 Jan-Aug 2015 v. 1-4
100 _918654
_aAñonuevo, Klara Iskra
245 _aMissing a flight:
_bthe five stages of grief/
_cKlara Iskra Añonuevo.
260 _aPhilippines:
_bOne Mega Group,
_c©2015.
300 _av1, pages 44-45;
_billustrations:
_c28 cm.
500 _aTravel Now.
650 0 _918655
_aTravel
_xFlight
942 _2ddc
_cPER